Statistiken für Disney-Schurken Quiz

Klicken Sie hier um das Quiz zu spielen!

Allgemein

  • Dieses Quiz wurde 702 mal gespielt
    (452 seit der letzten Aktualisierung)
  • Das Durchschnittsergebnis liegt bei 18 aus 56

Antwortstatistiken

HintAntwort% Korrekt
Peter PanCaptain Hook
95%
101 DalmatinerCruella De Vil
92%
Arielle, die MeerjungfrauUrsula
90%
Der König der LöwenScar
86%
HerculesHades
76%
Alice im WunderlandHerzkönigin
76%
Die Eiskönigin – Völlig unverfrorenPrinz Hans von den Südlichen Inseln
74%
AladdinDschafar
73%
Die Schöne und das BiestGaston
70%
Das DschungelbuchShir Khan
70%
DornröschenMalefiz
63%
Rapunzel – Neu verföhntGothel
59%
DumboZirkusdirektor
56%
MulanShan Yu
55%
Schneewittchen und die sieben ZwergeKönigin Grimhilde
54%
Ein Königreich für ein LamaYzma
51%
Küss den FroschDr. Facilier
42%
VaianaTamatoa
38%
CinderellaLady Tremaine
37%
Der Glöckner von Notre DameClaude Frollo
33%
Robin HoodPrinz John
33%
PocahontasGouverneur John Ratcliffe
31%
Ralph reichtsKing Candy
31%
TarzanWilliam C. Clayton
26%
AristocatsEdgar
24%
Die Hexe und der ZaubererMadame Mim
23%
Chaos im NetzArthur der Virus
22%
WishKönig Magnifico
21%
Susi und StrolchSi & Am
20%
ZoomaniaDawn Bellwether
19%
Raya und der letzte DracheNamaari
19%
Basil, der große MäusedetektivProfessor Rattenzahn
19%
Bernard und Bianca – Die MäusepolizeiMadame Medusa
17%
Atlantis – Das Geheimnis der verlorenen StadtCommander Lyle T. Rourke
16%
Lilo & StitchKapitän Gantu
16%
DinosaurierCarnotauren
15%
EncantoSoldaten
13%
Die Eiskönigin IIKönig Runeard
12%
Saludos AmigosAconcagua
10%
Taran und der ZauberkesselGehörnter König
10%
Der SchatzplanetLong John Silver
10%
Die Kühe sind losAlameda Slim
9%
Cap und CapperAmos Slade
8%
Bolt – Ein Hund für alle FälleCalico
8%
Die Abenteuer von Ichabod und Taddäus KröteKopfloser Reiter
8%
Triff die RobinsonsMelonenmann
8%
PinocchioMonstro
8%
Oliver & Co.Bill Sykes
7%
Baymax – Riesiges RobowabohuYokai
7%
FantasiaChernabog
6%
Fröhlich, Frei, Spaß dabeiWilli, der Riese
6%
Fantasia 2000Feuervogel
4%
Bernard und Bianca im KängurulandPercival C. McLeach
3%
Make Mine MusicProfessor Tomaso Tetti-Tatti
3%
Strange WorldReapers
3%
Drei CaballerosSpielzeug-Stier
2%

Verteilung der Resultate

Perzentil nach korrekt beantworteten Fragen

Anzahl Personen mit jedem Resultat

Ihre Resultats-Entwicklung

Sie haben dieses Quiz seit der letzten Aktualisierung nicht gespielt